[Event "London Classic op 11th"]
[Site "London"]
[Date "2019.12.01"]
[Round "4"]
[White "Pellicoro, Nathalie"]
[Black "Megias, Eva"]
[Result "1/2-1/2"]
[WhiteElo "1967"]
[BlackElo "1586"]
[PlyCount "121"]
[EventDate "2019.11.29"]
[EventType "swiss"]
[EventRounds "9"]
[EventCountry "ENG"]
[SourceTitle "CBM 193 Extra"]
[Source "ChessBase"]
[SourceDate "2020.01.31"]
[SourceVersion "1"]
[SourceVersionDate "2020.01.31"]
[SourceQuality "1"]

1. e4 e5 2. Nf3 Nc6 3. Bc4 Bc5 4. d3 h6 5. c3 Nge7 6. b4 Bb6 7. b5 Na5 8. Nxe5 Nxc4 9. Nxc4 0-0 10. Nxb6 axb6 11. Be3 c5 12. d4 cxd4 13. cxd4 d5 14. e5 Nf5 15. 0-0 Nxe3 16. fxe3 Qg5 17. Qf3 Be6 18. Nc3 Rfd8 19. a4 Rac8 20. Rac1 Rc4 21. e4 Qd2 22. Rfd1 dxe4 23. Qxe4 Qb2 24. Rc2 Qa3 25. Rd3 g6 26. g4 Kg7 27. Qf4 Qe7 28. Rh3 g5 29. Qf6+ Qxf6 30. exf6+ Kxf6 31. d5 Rxg4+ 32. Kh1 Bxd5+ 33. Nxd5+ Rxd5 34. Rxh6+ Kg7 35. h3 Rd1+ 36. Kh2 Rgg1 37. Rxb6 Rh1+ 38. Kg2 Rdg1+ 39. Kf2 Ra1 40. Rc7 Rxh3 41. Rbxb7 Ra2+ 42. Kg1 Rf3 43. Ra7 Kg6 44. Rc6+ Kh5 45. b6 Rb3 46. Rc1 Rxb6 47. Rxf7 Rxa4 48. Rc2 g4 49. Rg7 Kh6 50. Rg8 Kh7 51. Rg5 Rg6 52. Rh5+ Kg7 53. Rc7+ Kg8 54. Rb5 Ra8 55. Rbb7 g3 56. Kg2 Rf8 57. Ra7 Rf2+ 58. Kg1 Rf8 59. Kg2 Rb8 60. Rab7 Rxb7 61. Rxb7 1/2-1/2

[Event "London Classic op 10th"]
[Site "London"]
[Date "2018.12.13"]
[Round "5"]
[White "Lochte, Szilvia"]
[Black "Megias, Eva"]
[Result "1-0"]
[WhiteElo "1843"]
[BlackElo "1638"]
[PlyCount "65"]
[EventDate "2018.12.09"]
[EventType "swiss"]
[EventRounds "9"]
[EventCountry "ENG"]
[SourceTitle "CBM 187 Extra"]
[Source "ChessBase"]
[SourceDate "2018.11.04"]
[SourceVersion "1"]
[SourceVersionDate "2018.11.04"]
[SourceQuality "1"]

1. c4 c5 2. g3 e6 3. Bg2 Nc6 4. Nc3 a6 5. Nf3 f5 6. d3 h6 7. e4 d6 8. Nh4 Nf6 9. exf5 exf5 10. 0-0 Ne7 11. Re1 g5 12. Ng6 Rg8 13. Nxe7 Bxe7 14. Nd5 Nxd5 15. Bxd5 Rf8 16. Qh5+ Kd7 17. Qxh6 Kc7 18. Qg7 Re8 19. Bxg5 Kd7 20. Qf7 Ra7 21. Be6+ Kc7 22. Bxc8 Kxc8 23. Rxe7 Rxe7 24. Qxe7 Qxe7 25. Bxe7 Kd7 26. Re1 b5 27. Bf6 Kc6 28. Re7 Ra8 29. h4 Rf8 30. Bg7 Rg8 31. h5 d5 32. h6 Kd6 33. Ra7 1-0